Prchavé organické zlúčeniny v čerešniach a čerešňových nápojoch bakalárska práca

Gespeichert in:
Bibliographische Detailangaben
1. Verfasser: Bulavová, Lenka
Format: Buch
Sprache:Slowakisch
Veröffentlicht: Bratislava STU FCHPT 2013
Online-Zugang:Im OPAC anzeigen
Tags: Tag hinzufügen
Keine Tags, Fügen Sie das erste Tag hinzu!

MARC

LEADER 00000nam a2200000 a 4500
005 20260127134033.0
008 130828 2013 000 0 slo d
035 |a vtls010539034 
039 9 |y 201308281154  |z mschk03 
040 |a STUSCHK1  |b slo  |c STUSCHK1  |e AACR2 
100 1 |a Bulavová, Lenka 
245 1 |a Prchavé organické zlúčeniny v čerešniach a čerešňových nápojoch  |b bakalárska práca  |c Lenka Bulavová 
260 |a Bratislava  |b STU FCHPT  |c 2013 
300 |a 34 s.  |b il.  |c 30 cm 
500 |a Obhájené: 08.07.2013 
500 |a Štud. program: Biotechnológia a potravinárska technológia 
500 |a Štud. odbor: Biotechnológie 
500 |a Škol. pracovisko: Odd. analytickej chémie 
500 |a Evid. číslo: FCHPT-13567-58240 
910 |a SCHK95 
999 |c 2601  |d 2601